000 00367nam a2200157Ia 4500
008 210716s1989 xx 000 0 und d
020 _a1556152353
041 _aeng
082 _a005.45 JAMK
100 _aJamsa, Kris.
245 _aMs-dos batch files.
250 _a1
260 _aUSA
_bMicrosoft Press
_c1989
300 _aiv,166
650 _aMS DOS(005.3682)
999 _c182393
_d182393